00800nam a22002057a 4500003000400000005001700004008004100021020001500062040002900077050002300106100002600129245009000155260003500245300005000280650003700330650004100367942001500408952015400423999001700577OSt20260617155730.0260617b |||||||| |||| 00| 0 eng d a0761988823 cChuka University Library aLB 1631 b.G7 2005 aGregory, Gayle929892 aDifferentiated literacy strategiesbfor student growth and achievement in grades 7-12 aCaliforniabCorwin Pressc2005 axviii 225 pagesbIllustrated includes indexes aLanguage arts [secondary]911635 aLanguage arts [middle school]928730 2lcccBKn0 00102lcc40708LGLaCHKbCHKcGENd2026-06-17eDonation From Books for Africal0oLB 1631 .G7 2005p35117/2026r2026-06-17 15:59:45w2026-06-17yBK c24640d24640